[Event "Czech Open Rapid 2019"]
[Site "Pardubice"]
[Date "2019.07.17"]
[Round "3.17"]
[White "Rasik, Vitezslav"]
[Black "Punin, Andrii"]
[Result "1-0"]
[WhiteElo "2470"]
[BlackElo "2305"]
[Annotator "ChessBase"]
[PlyCount "185"]
[EventDate "2019.07.17"]
[EventType "swiss"]
[EventCountry "CZE"]
[SourceTitle "playchess.com"]
[Source "ChessBase"]
[SourceQuality "1"]

1. e4 d5 2. exd5 Qxd5 3. Nc3 Qd6 4. d4 Nf6 5. Nf3 c6 6. Ne5 Nbd7 7. Nc4 Qc7 8. Qf3 Nb6 9. Bf4 Qd7 10. O-O-O Qg4 11. Qxg4 Bxg4 12. f3 Be6 13. Na5 O-O-O 14. Ne4 Nxe4 15. fxe4 Bg4 16. Rd3 e6 17. a3 f5 18. exf5 Bxf5 19. Rd2 c5 20. dxc5 Rxd2 21. Bxd2 Bxc5 22. Nb3 Bf2 23. Be2 Nd5 24. Rf1 Be3 25. c4 Bxd2+ 26. Kxd2 Ne7 27. Nd4 Rd8 28. Kc3 Nc6 29. Nxf5 exf5 30. Rxf5 Nd4 31. Re5 Nxe2+ 32. Rxe2 Rd7 33. Re5 Kc7 34. Rc5+ Kb8 35. Rh5 h6 36. Rh3 Re7 37. Rg3 Kc7 38. Rg6 b6 39. h4 a5 40. h5 Rd7 41. Kb3 Kb7 42. Ka4 Rc7 43. b4 axb4 44. axb4 Rxc4 45. Kb5 Rc7 46. Rxb6+ Ka7 47. Ra6+ Kb7 48. Rb6+ Ka7 49. Rg6 Kb7 50. g4 Kb8 51. Rb6+ Ka7 52. Rc6 Rd7 53. Kc5 Kb7 54. b5 Rf7 55. Rg6 Rd7 56. Rd6 Rf7 57. Kd5 Rf4 58. Rg6 Rf7 59. Rd6 Rf4 60. Rd7+ Kb6 61. Rxg7 Kxb5 62. Ke5 Rc4 63. Kf5 Kc6 64. Rg6+ Kd7 65. Rxh6 Ke7 66. Rh7+ Kf8 67. Ra7 Kg8 68. h6 Kh8 69. g5 Rc5+ 70. Kg6 Rc6+ 71. Kh5 Rc5 72. Ra6 Kh7 73. Ra7+ Kh8 74. Re7 Ra5 75. Kg6 Ra6+ 76. Kf5 Ra5+ 77. Kf6 Ra6+ 78. Re6 Ra8 79. Kf7 Kh7 80. Re8 Ra6 81. Re6 Ra7+ 82. Kf6 Ra8 83. Re7+ Kg8 84. g6 Ra6+ 85. Re6 Ra8 86. Rd6 Re8 87. Rd7 Kh8 88. Kf7 Ra8 89. Ke7 Rg8 90. Rd8 Rxd8 91. Kxd8 Kg8 92. Ke7 Kh8 93. g7+ 1-0

[Event "Czech Open Rapid 2019"]
[Site "Pardubice"]
[Date "2019.07.17"]
[Round "3.17"]
[White "Bystrov, Sergej M."]
[Black "Ret, Adam Josef"]
[Result "1-0"]
[WhiteElo "2197"]
[BlackElo "1943"]
[Annotator "NA"]
[PlyCount "65"]
[EventDate "2019.07.17"]
[EventType "swiss"]
[EventCountry "CZE"]
[SourceTitle "playchess.com"]
[Source "ChessBase"]
[SourceQuality "1"]

1. e4 e5 2. Nf3 Nc6 3. d4 exd4 4. c3 d6 5. cxd4 Nf6 6. Nc3 Be7 7. Be2 O-O 8. O-O a6 9. h3 b5 10. a3 Bb7 11. Be3 Nb8 12. e5 dxe5 13. dxe5 Ne4 14. Rc1 Nd7 15. Nxe4 Bxe4 16. Qd4 Bb7 17. Rfd1 Nb6 18. Qxd8 Bxd8 19. Bxb6 cxb6 20. Nd4 Rc8 21. f4 Re8 22. Nf5 Rxc1 23. Rxc1 Bd5 24. Nd6 Rf8 25. b4 Be7 26. Nf5 Bd8 27. Rd1 Be6 28. Nd4 Bc8 29. Nc6 Bc7 30. Ne7+ Kh8 31. Rc1 Bb8 32. Rxc8 Re8 33. Rxe8# 1-0

[Event "Czech Open Rapid 2019"]
[Site "Pardubice"]
[Date "2019.07.17"]
[Round "3.18"]
[White "Peng, Li Min"]
[Black "Strebkovs, Andrejs"]
[Result "1-0"]
[WhiteElo "2466"]
[BlackElo "2275"]
[Annotator "ChessBase"]
[PlyCount "87"]
[EventDate "2019.07.17"]
[EventType "swiss"]
[EventCountry "CZE"]
[SourceTitle "playchess.com"]
[Source "ChessBase"]
[SourceQuality "1"]

1. Nf3 d5 2. c4 c6 3. b3 Nf6 4. Bb2 g6 5. g3 Bg7 6. Bg2 O-O 7. O-O Bg4 8. d4 Bxf3 9. Bxf3 e6 10. Nc3 Nbd7 11. e4 Nxe4 12. Nxe4 dxe4 13. Bxe4 Qc7 14. Qe2 Rfe8 15. Rad1 Rad8 16. Bg2 c5 17. dxc5 Bxb2 18. Qxb2 Nxc5 19. Qa3 a5 20. Qb2 Rxd1 21. Rxd1 Rd8 22. Rxd8+ Qxd8 23. Bf3 Qd3 24. Kg2 Qf5 25. Qd2 e5 26. Qxa5 Nd3 27. Qd2 e4 28. Bd1 h5 29. h4 Kh7 30. Qe3 Qe5 31. Bc2 Qc3 32. Bd1 Qb2 33. Be2 Nc1 34. Bf1 Nxa2 35. Qb6 Kg7 36. Qxb7 e3 37. Qf3 exf2 38. c5 Nb4 39. Bc4 f1=Q+ 40. Kxf1 Qc1+ 41. Kg2 Qd2+ 42. Qf2 Qd7 43. Kh2 Kf8 44. Qf4 1-0

[Event "Czech Open Rapid 2019"]
[Site "Pardubice"]
[Date "2019.07.17"]
[Round "3.18"]
[White "Hrabinska, Myroslava"]
[Black "Kopriva, Martin"]
[Result "1/2-1/2"]
[WhiteElo "2243"]
[BlackElo "2031"]
[Annotator "NA"]
[PlyCount "121"]
[EventDate "2019.07.17"]
[EventType "swiss"]
[EventCountry "CZE"]
[SourceTitle "playchess.com"]
[Source "ChessBase"]
[SourceQuality "1"]

1. d4 Nf6 2. Nf3 d5 3. c4 e6 4. Bg5 Be7 5. e3 O-O 6. Nc3 c6 7. Qc2 h6 8. Bh4 Nbd7 9. O-O-O dxc4 10. Bxc4 b5 11. Bd3 a5 12. Kb1 Ba6 13. Bxf6 Nxf6 14. Ne5 Qb6 15. Ne4 Rfc8 16. Nxf6+ gxf6 17. Nd7 Qc7 18. Nc5 Bxc5 19. Qxc5 b4 20. Be4 f5 21. Bf3 Rab8 22. Rc1 Bb5 23. g4 fxg4 24. Rhg1 Bd3+ 25. Ka1 Bg6 26. Bxg4 Rb5 27. Qc4 Kh7 28. f4 Qd6 29. Bf3 Rb6 30. h4 h5 31. Rg5 b3 32. Bxh5 bxa2 33. Bxg6+ fxg6 34. Rxa5 Rcb8 35. Rxa2 Qd5 36. Ra7+ Kh6 37. Qxd5 cxd5 38. Rcc7 Kh5 39. Ra2 Kxh4 40. Rca7 Kg4 41. R7a6 g5 42. fxg5 Kxg5 43. Rxb6 Rxb6 44. Ra3 Kf5 45. Ka2 Ke4 46. Rc3 Ra6+ 47. Kb3 Rb6+ 48. Kc2 e5 49. dxe5 Kxe5 50. Rd3 Rb5 51. Kc3 Ke4 52. Rd4+ Kxe3 53. b4 Kf3 54. Kd3 Kg3 55. Ke3 Rb8 56. Kd3 Rb5 57. Ke3 Rb8 58. Kd3 Rb5 59. Kc3 Kf3 60. Kb3 Ke3 61. Kc3 1/2-1/2

[Event "Czech Open Rapid 2019"]
[Site "Pardubice"]
[Date "2019.07.17"]
[Round "3.19"]
[White "Sarkar, Justin"]
[Black "Dvoirys, Semen I."]
[Result "0-1"]
[WhiteElo "2389"]
[BlackElo "2505"]
[Annotator "ChessBase"]
[PlyCount "114"]
[EventDate "2019.07.17"]
[EventType "swiss"]
[EventCountry "CZE"]
[SourceTitle "playchess.com"]
[Source "ChessBase"]
[SourceQuality "1"]

1. d4 Nf6 2. c4 g6 3. Nc3 d5 4. Nf3 Bg7 5. g3 dxc4 6. Bg2 c6 7. O-O O-O 8. a4 a5 9. e3 Nbd7 10. Qe2 Nb6 11. Ne5 Be6 12. Rd1 Nfd7 13. f4 Nxe5 14. dxe5 Qc7 15. Bd2 f6 16. exf6 exf6 17. e4 Nd7 18. Be3 Rfe8 19. h4 Bf8 20. h5 Nc5 21. hxg6 hxg6 22. f5 gxf5 23. exf5 Bxf5 24. Qf2 Re5 25. g4 Nd3 26. Qg3 Bg6 27. g5 Qf7 28. Ne4 Bxe4 29. Bxe4 f5 30. Bxd3 Rae8 31. Bd4 cxd3 32. Bxe5 Bc5+ 33. Kf1 Qd5 34. Rxd3 Qh1+ 35. Ke2 Qxa1 36. Kd2 Qh1 37. Rd7 Bb4+ 38. Bc3 Bxc3+ 39. Qxc3 Qg2+ 40. Kd1 Qg4+ 41. Kc2 Qxa4+ 42. Kb1 Qe4+ 43. Ka1 Qe1+ 44. Qxe1 Rxe1+ 45. Ka2 f4 46. g6 f3 47. Rf7 Re6 48. Rxf3 Rxg6 49. Rf5 b6 50. Ka3 Kg7 51. Rf4 Rf6 52. Rd4 Kf7 53. Rd7+ Ke6 54. Rb7 b5 55. b3 Rf3 56. Kb2 Kd5 57. Ra7 Ke5 0-1

[Event "Czech Open Rapid 2019"]
[Site "Pardubice"]
[Date "2019.07.17"]
[Round "3.19"]
[White "Flajsman, Pavel"]
[Black "Mojzis, Jaroslav"]
[Result "1/2-1/2"]
[WhiteElo "1917"]
[BlackElo "2095"]
[Annotator "NA"]
[PlyCount "121"]
[EventDate "2019.07.17"]
[EventType "swiss"]
[EventCountry "CZE"]
[SourceTitle "playchess.com"]
[Source "ChessBase"]
[SourceQuality "1"]

1. d4 Nf6 2. Nf3 b6 3. g3 Bb7 4. Bg2 e6 5. O-O c5 6. c4 cxd4 7. Nxd4 Bxg2 8. Kxg2 Be7 9. Nc3 O-O 10. Kg1 a6 11. e4 d6 12. Qf3 Ra7 13. b3 Rc7 14. Bb2 Qc8 15. Rfd1 b5 16. cxb5 Rxc3 17. Qxc3 Qb7 18. bxa6 Nxa6 19. Qc6 Qa7 20. Nb5 Qa8 21. Qxa8 Rxa8 22. Nxd6 Nc5 23. e5 Nd5 24. Bd4 Nd7 25. Rdc1 Nf8 26. Rc4 h5 27. a4 f6 28. Nc8 Bd8 29. exf6 gxf6 30. b4 Kf7 31. Nd6+ Ke7 32. Nb5 Rb8 33. Bc5+ Ke8 34. Nd6+ Kd7 35. Ne4 Ng6 36. b5 Ne5 37. Rc2 Ba5 38. Bd6 Nf3+ 39. Kg2 Nd4 40. Rc4 Nb3 41. Bxb8 Nxa1 42. Nc5+ Ke7 43. Nb7 Nb3 44. Ba7 Bd2 45. Nc5 Na5 46. Rc2 Bb4 47. Nd3 Bc3 48. Bc5+ Kd7 49. Nf4 Nxf4+ 50. gxf4 Be1 51. Bb6 Nb3 52. Rc7+ Kd6 53. Rc6+ Kd7 54. Rc7+ Kd6 55. Ra7 Kd5 56. Rc7 Bd2 57. Rc2 e5 58. fxe5 fxe5 59. Be3 Ba5 60. b6 Nd4 61. Bxd4 1/2-1/2

[Event "Czech Open Rapid 2019"]
[Site "Pardubice"]
[Date "2019.07.17"]
[Round "3.20"]
[White "Nikologorsky, Matfei"]
[Black "Bogdanov, Egor"]
[Result "0-1"]
[WhiteElo "2223"]
[BlackElo "2407"]
[Annotator "NA"]
[PlyCount "128"]
[EventDate "2019.07.17"]
[EventType "swiss"]
[EventCountry "CZE"]
[SourceTitle "playchess.com"]
[Source "ChessBase"]
[SourceQuality "1"]

1. e4 c5 2. Nf3 g6 3. d4 Bg7 4. Nc3 cxd4 5. Nxd4 Nc6 6. Be3 Nf6 7. Nxc6 bxc6 8. e5 Ng8 9. Bd4 Nh6 10. e6 O-O 11. Bxg7 Kxg7 12. exd7 Qxd7 13. Qxd7 Bxd7 14. O-O-O Be6 15. Be2 c5 16. Ne4 Rac8 17. h3 f6 18. Rhe1 Rc7 19. Bf3 Bf7 20. Nc3 Rb8 21. g4 g5 22. Nd5 Bxd5 23. Bxd5 Nf7 24. Bxf7 Kxf7 25. Rd5 h5 26. h4 hxg4 27. hxg5 e6 28. Rd6 Re7 29. gxf6 Kxf6 30. Rc6 Kf5 31. Rxc5+ e5 32. Rc6 e4 33. Re3 Rd7 34. b3 Rh8 35. Rc4 Re7 36. Kd2 Rh3 37. Ke2 Kf4 38. Rcc3 Reh7 39. a4 Rf3 40. Rc4 Re7 41. Rcc3 a5 42. Rc5 Rxe3+ 43. fxe3+ Kg3 44. Rxa5 Rh7 45. Rf5 Rh2+ 46. Kd1 Rf2 47. Rg5 Kf3 48. a5 Kxe3 49. c4 Kf4 50. Rg8 Ra2 51. b4 g3 52. c5 g2 53. c6 Ra1+ 54. Ke2 g1=Q 55. Rxg1 Rxg1 56. a6 Rg2+ 57. Kd1 e3 58. c7 Rg8 59. b5 Kf3 60. b6 e2+ 61. Kd2 Kf2 62. b7 e1=Q+ 63. Kc2 Qe4+ 64. Kb3 Rg3+ 0-1

[Event "Czech Open Rapid 2019"]
[Site "Pardubice"]
[Date "2019.07.17"]
[Round "3.20"]
[White "Krouzel, Jaroslav"]
[Black "BROZKA JUN, Karel"]
[Result "1-0"]
[WhiteElo "2117"]
[BlackElo "1709"]
[Annotator "NA"]
[PlyCount "61"]
[EventDate "2019.07.17"]
[EventType "swiss"]
[EventCountry "CZE"]
[SourceTitle "playchess.com"]
[Source "ChessBase"]
[SourceQuality "1"]

1. d4 Nf6 2. c4 c5 3. d5 b5 4. Nf3 d6 5. Nbd2 g6 6. e4 bxc4 7. Bxc4 Bg7 8. O-O O-O 9. Qe2 a5 10. Rb1 Ba6 11. b3 Qc7 12. Bb2 Bxc4 13. bxc4 Nbd7 14. e5 dxe5 15. Nxe5 Rab8 16. Nc6 Rbe8 17. Qd3 Ng4 18. Qg3 Nge5 19. Qc3 Bf6 20. Qxa5 Nb6 21. Bxe5 Bxe5 22. Nxe5 Qxe5 23. Qxb6 Rb8 24. Qxc5 Rxb1 25. Rxb1 Qc3 26. Qe3 Qc2 27. Re1 Rb8 28. c5 Rb2 29. Nf3 Rxa2 30. d6 exd6 31. cxd6 1-0

[Event "Czech Open Rapid 2019"]
[Site "Pardubice"]
[Date "2019.07.17"]
[Round "3.21"]
[White "Cerveny, Martin"]
[Black "Lederman, Leon"]
[Result "1-0"]
[WhiteElo "2399"]
[BlackElo "2238"]
[Annotator "NA"]
[PlyCount "61"]
[EventDate "2019.07.17"]
[EventType "swiss"]
[EventCountry "CZE"]
[SourceTitle "playchess.com"]
[Source "ChessBase"]
[SourceQuality "1"]

1. d4 d5 2. c4 e6 3. Nc3 Nf6 4. cxd5 exd5 5. Bg5 Be7 6. e3 O-O 7. Bd3 c6 8. Qc2 Nbd7 9. Nge2 Re8 10. O-O Nf8 11. f3 Be6 12. e4 dxe4 13. fxe4 Ng4 14. Bxe7 Qxe7 15. Qd2 Rad8 16. h3 Nf6 17. e5 N6d7 18. Ne4 c5 19. Nd6 cxd4 20. Nxe8 Nxe5 21. Nxg7 Kxg7 22. Nf4 Nfg6 23. Nh5+ Kh8 24. Nf6 Qf8 25. b3 Qg7 26. Nh5 Qg8 27. Rae1 Bd5 28. Qg5 Rd6 29. Rxe5 Nxe5 30. Qxe5+ f6 31. Qg3 1-0

[Event "Czech Open Rapid 2019"]
[Site "Pardubice"]
[Date "2019.07.17"]
[Round "3.21"]
[White "Ludvik, Tomas"]
[Black "Karalkin, Maksim"]
[Result "0-1"]
[WhiteElo "2334"]
[BlackElo "2137"]
[Annotator "NA"]
[PlyCount "50"]
[EventDate "2019.07.17"]
[EventType "swiss"]
[EventCountry "CZE"]
[SourceTitle "playchess.com"]
[Source "ChessBase"]
[SourceQuality "1"]

1. d4 d5 2. c4 e6 3. Nc3 Be7 4. Nf3 Nf6 5. Bf4 O-O 6. e3 b6 7. cxd5 Nxd5 8. Nxd5 Qxd5 9. a3 Bb7 10. Bxc7 Na6 11. Bg3 Qa5+ 12. Qd2 Bb4 13. axb4 Qxa1+ 14. Qd1 Qxb2 15. Be2 Qxb4+ 16. Qd2 Rfc8 17. O-O Qxd2 18. Nxd2 Rc2 19. Rd1 Rac8 20. f3 Ra2 21. Bd3 Nb4 22. Bb1 Rb2 23. Ne4 Bd5 24. Nd6 Rc3 25. e4 Rcb3 0-1

[Event "Czech Open Rapid 2019"]
[Site "Pardubice"]
[Date "2019.07.17"]
[Round "3.22"]
[White "Simacek, Pavel"]
[Black "Varitski, Igor"]
[Result "1-0"]
[WhiteElo "2398"]
[BlackElo "2244"]
[Annotator "NA"]
[PlyCount "71"]
[EventDate "2019.07.17"]
[EventType "swiss"]
[EventCountry "CZE"]
[SourceTitle "playchess.com"]
[Source "ChessBase"]
[SourceQuality "1"]

1. e4 c6 2. d4 d5 3. Nd2 dxe4 4. Nxe4 Bf5 5. Ng3 Bg6 6. h4 h6 7. Nh3 Nf6 8. Nf4 Bh7 9. Bc4 e6 10. O-O Nd5 11. Qg4 Nd7 12. Bxd5 Nf6 13. Bxc6+ bxc6 14. Qf3 Rc8 15. c3 Be7 16. Ngh5 Nxh5 17. Nxh5 O-O 18. Qg4 Bg6 19. Nxg7 Kxg7 20. h5 Qd5 21. hxg6 fxg6 22. Re1 Rf5 23. Qe4 Rf6 24. Bf4 Kh7 25. Be5 Rf7 26. Bg3 Rf6 27. Qd3 Qf5 28. Qa6 Rcf8 29. Qxc6 Bd8 30. Qe4 Qb5 31. b3 a5 32. c4 Qb4 33. Re3 R8f7 34. Qd3 Bc7 35. Bh4 Rf4 36. Rxe6 1-0

[Event "Czech Open Rapid 2019"]
[Site "Pardubice"]
[Date "2019.07.17"]
[Round "3.22"]
[White "Tarakanov, Oleg"]
[Black "Kusa, Jakub"]
[Result "1/2-1/2"]
[WhiteElo "2118"]
[BlackElo "2199"]
[Annotator "NA"]
[PlyCount "99"]
[EventDate "2019.07.17"]
[EventType "swiss"]
[EventCountry "CZE"]
[SourceTitle "playchess.com"]
[Source "ChessBase"]
[SourceQuality "1"]

1. e4 c5 2. Nf3 e6 3. c3 Nf6 4. d3 Nc6 5. Be2 Be7 6. O-O O-O 7. Re1 d6 8. b3 b5 9. d4 b4 10. d5 Ne5 11. c4 Nxe4 12. Nxe5 dxe5 13. Bf3 exd5 14. cxd5 Nd6 15. Bb2 f6 16. Nd2 Bf5 17. Nc4 Nxc4 18. bxc4 Bd6 19. Bg4 Qd7 20. h3 Bxg4 21. hxg4 Rae8 22. Qf3 f5 23. gxf5 Rxf5 24. Qg4 Qf7 25. Re2 Rf4 26. Qh3 Rxc4 27. Rae1 Rf8 28. Qg3 Qxd5 29. Bxe5 Bxe5 30. Rxe5 Qf7 31. Re7 Qf6 32. R1e6 Rc1+ 33. Kh2 Qa1 34. Qb3 Rh1+ 35. Kg3 Qc3+ 36. Re3+ Qxb3 37. axb3 Ra1 38. Rc7 Kh8 39. Ree7 Rg8 40. Rxc5 Ra3 41. f3 a5 42. Ra7 Rxb3 43. Rcxa5 h6 44. Rb5 Kh7 45. Rab7 Rd8 46. Rxb4 Rxb4 47. Rxb4 Rd2 48. Rb6 Kg8 49. Rb7 Kh7 50. Rb6 1/2-1/2

[Event "Czech Open Rapid 2019"]
[Site "Pardubice"]
[Date "2019.07.17"]
[Round "3.23"]
[White "Taranik, Olexiy"]
[Black "Sahidi, Samir"]
[Result "0-1"]
[WhiteElo "2112"]
[BlackElo "2381"]
[Annotator "NA"]
[PlyCount "64"]
[EventDate "2019.07.17"]
[EventType "swiss"]
[EventCountry "CZE"]
[SourceTitle "playchess.com"]
[Source "ChessBase"]
[SourceQuality "1"]

1. e4 e5 2. Nf3 Nc6 3. Nc3 Bb4 4. Bb5 Bxc3 5. bxc3 d6 6. d4 Bd7 7. O-O Nge7 8. Be3 a6 9. Bc4 O-O 10. Nd2 Ng6 11. g3 Qf6 12. Nb3 Rae8 13. Qd2 Bh3 14. Rfe1 Qf3 15. Bf1 Bxf1 16. Rxf1 exd4 17. cxd4 Rxe4 18. Qd1 Nh4 19. Qxf3 Nxf3+ 20. Kg2 Nfxd4 21. Nxd4 Nxd4 22. Bxd4 Rxd4 23. Rfe1 Rc4 24. Re2 Rd8 25. Rae1 g6 26. f4 d5 27. Kf3 Rd6 28. h4 Rdc6 29. Rc1 h5 30. Rd2 R6c5 31. Re2 Rc3+ 32. Kf2 d4 0-1

[Event "Czech Open Rapid 2019"]
[Site "Pardubice"]
[Date "2019.07.17"]
[Round "3.23"]
[White "Malygin, Vladislav"]
[Black "Valenta, Vit"]
[Result "1-0"]
[WhiteElo "1855"]
[BlackElo "2147"]
[Annotator "NA"]
[PlyCount "93"]
[EventDate "2019.07.17"]
[EventType "swiss"]
[EventCountry "CZE"]
[SourceTitle "playchess.com"]
[Source "ChessBase"]
[SourceQuality "1"]

1. c4 e5 2. Nc3 Nf6 3. g3 g6 4. Bg2 Bg7 5. e3 Nc6 6. Nge2 O-O 7. O-O d6 8. d4 Rb8 9. b3 exd4 10. exd4 Bg4 11. Bb2 Re8 12. Re1 Qd7 13. Qd2 Bh3 14. Nf4 Bxg2 15. Kxg2 Ne7 16. Re2 Nf5 17. Rae1 Rxe2 18. Rxe2 Re8 19. d5 a6 20. f3 h6 21. Ne4 Nxe4 22. fxe4 Ne7 23. Bxg7 Kxg7 24. Qd4+ f6 25. Ne6+ Kf7 26. Rf2 Ng8 27. b4 b6 28. c5 bxc5 29. bxc5 dxc5 30. Nxc5 Qd6 31. Nd3 Kg7 32. Rc2 Re7 33. Nf4 g5 34. Nd3 Kg6 35. Nc5 Re5 36. Nd3 Re7 37. Nb4 a5 38. Nc6 Re8 39. Nxa5 Ne7 40. Nb7 Qa3 41. Nc5 Rd8 42. Ne6 Rd7 43. Nxc7 Qd6 44. Ne8 Qa6 45. Rf2 Ng8 46. e5 fxe5 47. Qe4+ 1-0

[Event "Czech Open Rapid 2019"]
[Site "Pardubice"]
[Date "2019.07.17"]
[Round "3.24"]
[White "MOVSESIAN, Julia"]
[Black "BARES, Jachym"]
[Result "1-0"]
[WhiteElo "2330"]
[BlackElo "1980"]
[Annotator "NA"]
[PlyCount "75"]
[EventDate "2019.07.17"]
[EventType "swiss"]
[EventCountry "CZE"]
[SourceTitle "playchess.com"]
[Source "ChessBase"]
[SourceQuality "1"]

1. e4 e5 2. Nf3 Nc6 3. Bc4 Nf6 4. O-O Nxe4 5. d4 exd4 6. Re1 d5 7. Bxd5 Qxd5 8. Nc3 Qh5 9. Nxe4 Be6 10. Neg5 O-O-O 11. Nxe6 fxe6 12. Rxe6 Bd6 13. Bd2 Rhf8 14. h3 h6 15. Qe2 Qf5 16. Re4 g5 17. Re1 b6 18. a3 Kb7 19. b4 a6 20. Bc1 Rg8 21. Bb2 g4 22. hxg4 Rxg4 23. Rxg4 Qxg4 24. Nxd4 Qf4 25. Qe4 Qxe4 26. Rxe4 Nxd4 27. Bxd4 b5 28. g3 a5 29. c3 axb4 30. axb4 Kc6 31. Kg2 Rg8 32. Re6 Kd5 33. Rxh6 Bxb4 34. Rh5+ Kc4 35. cxb4 Kxd4 36. Rxb5 Kc4 37. Rc5+ Kxb4 38. Rxc7 1-0

[Event "Czech Open Rapid 2019"]
[Site "Pardubice"]
[Date "2019.07.17"]
[Round "3.24"]
[White "Vokoun, Jan"]
[Black "Domogaev, Sergey"]
[Result "0-1"]
[WhiteElo "2072"]
[BlackElo "2332"]
[Annotator "NA"]
[PlyCount "160"]
[EventDate "2019.07.17"]
[EventType "swiss"]
[EventCountry "CZE"]
[SourceTitle "playchess.com"]
[Source "ChessBase"]
[SourceQuality "1"]

1. e4 c5 2. Be2 Nc6 3. f4 d6 4. Nf3 Nf6 5. d3 g6 6. O-O Bg7 7. c3 O-O 8. h3 b5 9. a3 a5 10. Be3 Rb8 11. Nbd2 Nd7 12. d4 e6 13. Bf2 cxd4 14. cxd4 d5 15. exd5 exd5 16. Qb3 Nb6 17. Bxb5 Bd7 18. Bxc6 Bxc6 19. Ne5 Be8 20. Qc2 Rc8 21. Qd3 f6 22. Nef3 Na4 23. Rab1 Bd7 24. Qb3 Nb6 25. Rbc1 Rb8 26. Qa2 Bb5 27. Rfe1 Re8 28. b3 Qd6 29. Bg3 Bh6 30. Rc5 Rxe1+ 31. Bxe1 Nd7 32. Rc3 Bxf4 33. Qc2 Nb6 34. Rc5 Bd7 35. Rxa5 Qe7 36. Qd3 Bd6 37. a4 Bb4 38. Ra7 Nc8 39. Bg3 Nxa7 40. Bxb8 Nc6 41. Bg3 Kg7 42. Nf1 Bf5 43. Qb5 Qd7 44. Qb6 Be4 45. N3d2 Ba5 46. Qb5 Bf5 47. Bf2 Be6 48. Qc5 Qb7 49. Qd6 Kf7 50. g4 Bc7 51. Qc5 Bb6 52. Qc3 Ba5 53. Qd3 Nb4 54. Qb5 Qxb5 55. axb5 Bd7 56. Ne3 Bxb5 57. Nf3 Be2 58. Ne1 Ke6 59. N3g2 g5 60. Be3 Bb6 61. Kf2 Bb5 62. Nf3 h6 63. Nge1 Kd6 64. Bd2 Nc6 65. Bc3 Ke6 66. Ng2 Bd3 67. Ne3 Be4 68. Nd2 Nxd4 69. Nxe4 dxe4 70. Nc4 Ba7 71. Ke3 Nb5+ 72. Kd2 Nxc3 73. Kxc3 f5 74. gxf5+ Kxf5 75. b4 h5 76. b5 g4 77. hxg4+ Kxg4 78. b6 Bxb6 79. Nxb6 h4 80. Nd5 Kf3 0-1

[Event "Czech Open Rapid 2019"]
[Site "Pardubice"]
[Date "2019.07.17"]
[Round "3.25"]
[White "Jires, Jiri"]
[Black "Polak, Benedikt"]
[Result "0-1"]
[WhiteElo "2096"]
[BlackElo "2170"]
[Annotator "NA"]
[PlyCount "76"]
[EventDate "2019.07.17"]
[EventType "swiss"]
[EventCountry "CZE"]
[SourceTitle "playchess.com"]
[Source "ChessBase"]
[SourceQuality "1"]

1. e4 c5 2. Nf3 e6 3. d4 cxd4 4. Nxd4 a6 5. Be2 b5 6. O-O Bb7 7. Bf3 d6 8. e5 d5 9. a4 b4 10. c3 Nd7 11. Re1 Bc5 12. Nb3 bxc3 13. Nxc3 Ba7 14. Be3 Bxe3 15. Rxe3 Ne7 16. Nd4 Ng6 17. Qe1 O-O 18. Bh5 Nf4 19. Be2 Qg5 20. Bf1 Ng6 21. Nf3 Qe7 22. Bd3 Qb4 23. Bxg6 hxg6 24. Ne2 Qxe1+ 25. Rxe1 Nc5 26. a5 Rfc8 27. Rc3 Ne4 28. Rxc8+ Bxc8 29. Rc1 Bd7 30. Nfd4 Rb8 31. f3 Nd2 32. Rc7 Bb5 33. Nc3 Bc4 34. Kf2 Rxb2 35. Kg3 Nf1+ 36. Kh3 Ne3 37. g3 g5 38. f4 Bf1# 0-1

[Event "Czech Open Rapid 2019"]
[Site "Pardubice"]
[Date "2019.07.17"]
[Round "3.25"]
[White "Zpevakova, Jana"]
[Black "Turner, Jan"]
[Result "0-1"]
[WhiteElo "2096"]
[BlackElo "2342"]
[Annotator "NA"]
[PlyCount "68"]
[EventDate "2019.07.17"]
[EventType "swiss"]
[EventCountry "CZE"]
[SourceTitle "playchess.com"]
[Source "ChessBase"]
[SourceQuality "1"]

1. d4 Nc6 2. Nf3 d6 3. g3 Nf6 4. Bg2 g6 5. Nbd2 Bg7 6. e4 O-O 7. h3 e5 8. c3 exd4 9. Nxd4 Nxd4 10. cxd4 Nd7 11. Nb3 a5 12. Be3 a4 13. Nd2 c5 14. Nf3 Qa5+ 15. Qd2 Qxd2+ 16. Kxd2 Nf6 17. e5 Nd5 18. exd6 Nxe3 19. fxe3 cxd4 20. Nxd4 Rd8 21. Rac1 Rxd6 22. Rc7 Be6 23. Rxb7 Bxd4 24. exd4 Rxd4+ 25. Ke3 Rad8 26. Re1 Bxa2 27. Re7 Rd2 28. Re2 Rxe2+ 29. Kxe2 Rb8 30. Ra7 Rxb2+ 31. Kf1 Bb3 32. Bc6 Ra2 33. Rb7 Be6 34. g4 a3 0-1

[Event "Czech Open Rapid 2019"]
[Site "Pardubice"]
[Date "2019.07.17"]
[Round "3.26"]
[White "Frolov, Artur"]
[Black "Ibrahim, Emad Eldin"]
[Result "1-0"]
[WhiteElo "2453"]
[BlackElo "2042"]
[Annotator "ChessBase"]
[PlyCount "98"]
[EventDate "2019.07.17"]
[EventType "swiss"]
[EventCountry "CZE"]
[SourceTitle "playchess.com"]
[Source "ChessBase"]
[SourceQuality "1"]

1. e4 c5 2. Nf3 g6 3. d4 cxd4 4. Nxd4 Nc6 5. c4 Nf6 6. Nc3 Nxd4 7. Qxd4 d6 8. Be3 Bg7 9. Be2 O-O 10. Qd2 a5 11. f3 a4 12. Rc1 Qa5 13. Rc2 Bd7 14. Nd5 Qxd2+ 15. Kxd2 Nxd5 16. cxd5 Rfc8 17. Rhc1 Rxc2+ 18. Rxc2 Rc8 19. Rxc8+ Bxc8 20. Kc2 Bd7 21. Bd2 Bd4 22. Bc3 Bg1 23. h3 h5 24. a3 Kf8 25. Kd3 Bb5+ 26. Kd2 Bd7 27. Bd3 Ke8 28. f4 e6 29. dxe6 Bxe6 30. Bb5+ Bd7 31. Bc4 Bc6 32. Bd5 f5 33. Bxc6+ bxc6 34. Kd3 Kd7 35. Bd4 Bxd4 36. Kxd4 c5+ 37. Kd5 fxe4 38. Kxe4 Ke6 39. g4 hxg4 40. hxg4 d5+ 41. Kd3 Kd6 42. Kc3 Ke6 43. b4 axb3 44. Kxb3 d4 45. Kc4 g5 46. f5+ Ke5 47. a4 Ke4 48. a5 d3 49. a6 d2 1-0

[Event "Czech Open Rapid 2019"]
[Site "Pardubice"]
[Date "2019.07.17"]
[Round "3.26"]
[White "FEDOTOV, Konstantin"]
[Black "SVIZENSKY, Lubos"]
[Result "1-0"]
[WhiteElo "2140"]
[BlackElo "1957"]
[Annotator "NA"]
[PlyCount "53"]
[EventDate "2019.07.17"]
[EventType "swiss"]
[EventCountry "CZE"]
[SourceTitle "playchess.com"]
[Source "ChessBase"]
[SourceQuality "1"]

1. e4 c6 2. Nc3 d5 3. d3 e5 4. g3 Bd6 5. exd5 Nf6 6. dxc6 Nxc6 7. Bg2 Bd7 8. h3 O-O 9. Nge2 Re8 10. O-O Rc8 11. f4 Bc5+ 12. Kh2 Bd6 13. f5 h6 14. Ne4 Be7 15. c3 Qc7 16. Be3 b6 17. Qd2 Rcd8 18. g4 Bc8 19. N2g3 Nxe4 20. Bxe4 f6 21. Nh5 Kh7 22. g5 hxg5 23. Bxg5 Qd6 24. Qg2 Bb7 25. Bxf6 Bxf6 26. Nxg7 Rg8 27. Qg6+ 1-0

[Event "Czech Open Rapid 2019"]
[Site "Pardubice"]
[Date "2019.07.17"]
[Round "3.27"]
[White "Jirovsky, Pavel"]
[Black "Iro, Christian"]
[Result "1-0"]
[WhiteElo "2322"]
[BlackElo "2077"]
[Annotator "NA"]
[PlyCount "115"]
[EventDate "2019.07.17"]
[EventType "swiss"]
[EventCountry "CZE"]
[SourceTitle "playchess.com"]
[Source "ChessBase"]
[SourceQuality "1"]

1. d4 Nf6 2. Nf3 e6 3. g3 d5 4. Bg2 b5 5. O-O Bb7 6. a4 b4 7. c3 a5 8. Nbd2 Be7 9. Nb3 Nbd7 10. Bd2 Ne4 11. Be1 O-O 12. Nfd2 Nxd2 13. Bxd2 bxc3 14. Bxc3 c5 15. dxc5 Nxc5 16. Nxc5 Bxc5 17. e3 Ba6 18. Re1 Rb8 19. Qg4 g6 20. Red1 Bb4 21. Bd4 Qe7 22. Qf4 Bd6 23. Qf6 Qxf6 24. Bxf6 Bb4 25. Bf1 Bxf1 26. Kxf1 Rfc8 27. Rdc1 Bd2 28. Rxc8+ Rxc8 29. Ke2 Bb4 30. Kd3 Kf8 31. f3 h5 32. h3 Ke8 33. g4 hxg4 34. fxg4 Kd7 35. h4 Be7 36. Bc3 Rc4 37. Bxa5 Rxg4 38. Bc3 Rxh4 39. a5 Bc5 40. a6 Ba7 41. b4 Rh3 42. Bd4 Bxd4 43. Kxd4 Rh8 44. Kc5 Kc7 45. b5 Kb8 46. b6 Rc8+ 47. Kd6 Rh8 48. Rf1 Rd8+ 49. Ke7 Rc8 50. Rxf7 e5 51. Kd6 d4 52. exd4 exd4 53. Rd7 d3 54. Ke5 Re8+ 55. Kf4 Kc8 56. Rxd3 Re6 57. b7+ Kb8 58. Rd8+ 1-0